000 00496nam a22001817a 4500
003 OSt
005 20191029062631.0
008 180305b xxu||||| |||| 00| 0 spa d
020 _a9505080808
040 _cPJ
100 _aPérez, Benito
_91325
245 1 0 _aDerecho del trabajo /
_cBenito Pérez.
260 _aBuenos Aires :
_bAstrea,
_c1983.
300 _a520 p.
_c23 cm.
504 _aBibliografía: p. 513-520.
650 0 _91316
_aDERECHO LABORAL
942 _2udc
_cLIB
_iPER
_h349.2
999 _c938
_d938